Name the Emo/Punk Band Based on lead singer - Statistics

General Stats
  • This quiz has been taken 347 times
  • The average score is 9 of 15
Answer Stats
Lead Singers Band % Correct
Gerard Way My Chemical Romance
97%
Brendon Urie Panic! At The Disco
95%
Billie Joe Armstrong Green Day
93%
Hayley Williams Paramore
90%
Patrick Stump Fall Out Boy
88%
Vic Fuentes Pierce the Veil
78%
Kellin Quinn Sleeping with Sirens
72%
Oliver Sykes Bring Me The Horizon
70%
Andy Black Black Veil Brides
69%
Awsten Knight Waterparks
41%
Jeremy McKinnon A Day to Remember
27%
Tyson Ritter All-American Rejects
25%
Lyndsey Gunnulfsen PVRIS
22%
Cody Carson Set it Off
21%
Jaret Reddick Bowling For Soup
11%
No matching quizzes found
Score Distribution
Percent of People with Each Score
Percentile by Number Answered
Your Score History
You have not taken this quiz